000 00661nam a2200193Ia 4500
003 BUBTL
008 151213s9999 xx 000 0 und d
082 _a658.802/D544m/1996
100 _aSally Dibb & Lyndon Semkin
_92530
245 _aThe Marketing Planning Work Book : Effective Marketing for Marketing Management/
_cSally Dibb & Lyndon Semkin & Yohn Bradley
260 _aLondon & Niw York
_bc1996
300 _a[xxviii],224p. :
_b23cm.
500 _aIncludes Index.
650 _aMarketing
_92531
700 _aSally Dibb & Lyndon Semkin & Yohn Bradley
_92530
856 _k0
_l0
_yDownload
942 _2ddc
_cBK
999 _c2032
_d2032